| 000 | 00446nam a22001697a 4500 | ||
|---|---|---|---|
| 003 | OSt | ||
| 005 | 20140310182352.0 | ||
| 008 | 130930t xxu||||| |||| 00| 0 eng d | ||
| 020 | _a18551015498 | ||
| 050 |
_aPS 1809 _b.St884 1994 |
||
| 082 |
_aGS 823 _bH24 1994 |
||
| 245 | _aStories from the uncle remus / | ||
| 260 |
_aEngland : _bTiger Books International, _c1994. |
||
| 300 |
_a192 p. : _c26 cm. |
||
| 942 |
_2lcc _cBK-GS |
||
| 999 |
_c12385 _d12385 |
||